000 00828cam a2200253 4500
008 020524n1996 000 0 eng u
020 _a0860224503
035 _a(Sirsi) u118134
050 _a697
100 _aHayden, G.
245 _aValue engineering of building services
260 _aBracknell
_bBSRIA
_c1996
300 _a63p.
_c30cm.
350 _a40
490 _aBSRIA Application Guide
_v15/96
520 _aThis text aims to explain the principles of value analysis to building services engineers who have not experienced the process, and to demonstrate the potential cost savings to clients.
650 _aBlock management
_96220
650 _aVALUE ANALYSIS
650 _aVALUE ENGINEERING
650 _aVALUE MANAGEMENT
690 _aBlock management
_96220
700 _aParsloe, C.
942 _n0
999 _c102098
_d102098